000
00304nam a2200121Ia 4500
008
190216s9999||||xx |||||||||||||| ||und||
100
_a
Richard Johnson A
245
0
_a
How To Trouble Shoot A Tv Receiver
260
_b
Db.Taraporevala Sons &co
_c
1971
300
_a
154p
650
_a
Physics
942
_c
BK
999
_c
33066
_d
33066